| 000 | 01054cam a22002413a 4500 | ||
|---|---|---|---|
| 001 | 18165 | ||
| 003 | PGUSA | ||
| 005 | 20140828083403.0 | ||
| 008 | 060413s2006||||xxu|||||s|||||000 | eng d | ||
| 040 |
_aPGUSA _beng |
||
| 042 | _adc | ||
| 050 | 4 | _aDK | |
| 100 | 1 |
_aHapgood, Isabel Florence, _d1850-1928 |
|
| 245 | 1 | 0 |
_aRussian Rambles _h[electronic resource] / _cIsabel Florence Hapgood |
| 260 |
_bProject Gutenberg, _c2006 |
||
| 505 | 0 | _aPassports, police, and post-office in Russia -- The Névsky prospékt -- My experience with the Russian censor -- Bargaining in Russia -- Experiences -- A Russian summer resort -- A stroll in Moscow with Count Tolstóy -- Count Tolstóy at home -- A Russian holy city -- A journey on the Volga -- The Russian kumýs cure -- Moscow memories -- The Nízhni-Nóvgorod fair and the Volga. | |
| 506 | _aPublic domain in the USA. | ||
| 516 | _aElectronic text | ||
| 653 | _aRussia -- Description and travel | ||
| 830 | 0 |
_aProject Gutenberg _v18165 |
|
| 856 | 4 | 0 | _uhttp://www.gutenberg.org/ebooks/18165 |
| 942 | _cEB | ||
| 999 |
_c247420 _d247420 |
||